76 - Né(es) un 17 mars - Statistiques

Statistiques générales
  • Ce quiz a été pris 5 fois
  • Le résultat moyen est 5 sur 12
Statistiques - réponses
Hint Année de naissance Réponse % Correct
Acteur français. Révélé "Nulle part ailleurs", aux côtés d'Antoine de Caunes. 1966 José Garcia
100%
Acteur américain. Vu dans "New York 1997", "The Thing", "Los Angeles 2013", "Boulevard de la mort", "Les Huit Salopards", "Bone Tomahawk". 1951 Kurt Russell
75%
Acteur américain. Fut Bobby Ewing dans le feuilleton télévisé "Dallas" de 1978 à 1991 puis Frank Lambert dans la série "Notre belle famille". 1949 Patrick Duffy
75%
Skieur français. Premier champion olympique de la discipline des bosses en 1992 à Albertville, champion du monde à trois reprises (1989, 1991 et 1995) et vainqueur à quatre reprises du classement général de la coupe du monde des bosses (1990, 1991, 1992 et 1994). 1969 Edgar Grospiron
50%
Acteur américain. Fut membre du Brat Pack. Il fut Sam Seaborn dans la série politique "À la Maison-Blanche". 1964 Rob Lowe
50%
Créateur de mode britannique surnommé "Enfant terrible". 1969 Alexander McQueen
25%
Chanteur américain du groupe "Smashing Pumpkins". 1967 Billy Corgan
25%
Joueur de football puis entraîneur notamment de l'Olympique de Marseille, du FC Nantes et des Girondins de Bordeaux avec lesquels il sera champion de France. 1955 Élie Baup
25%
Homme d’Église français de l’ordre des dominicains. Inventeur de la devise "Citius, Altius, Fortius" ("Plus vite, plus haut, plus fort"). 1840 Henri Didon
25%
Homme politique français. Député. Plusieurs fois ministres. Maire de Decazeville pendant 40 ans. 1888 Paul Ramadier
25%
Danseur puis directeur de ballet russe qui fut surnommé le "seigneur de la danse". 1938 Rudolf Noureev
25%
Roi d'Écosse de 1488 à 1513. Dernier monarque de Grande-Bretagne mort au combat. 1473 Jacques IV
0%
Aucun quiz correspondant
Distribution des résultats
% des personnes avec chaque résultat
Percentile par nombre de réponses
Votre historique - résultats
Vous n’avez pas pris ce quiz